| 000 | 00326nam a2200133Ia 4500 | ||
|---|---|---|---|
| 008 | 230312s9999||||xx |||||||||||||| ||und|| | ||
| 082 |
_a338.9 _bJHI |
||
| 100 | _aJhingan, M L | ||
| 245 | 0 | _aEconomics of Develpoment & Planning | |
| 300 | _a623 | ||
| 546 | _aEng. | ||
| 650 |
_aEconomics _vEconomics of Develpoment |
||
| 942 | _cBK | ||
| 999 |
_c2233 _d2233 |
||